000 00452nam a2200169Ia 4500
003 GCL
008 140319s9999 xx 000 0 ara d
040 _aGCL /
_cGCL
082 0 4 _a814.008
_bص ر
100 1 _aصلاح منتصر
245 1 0 _aرسالة الى اى شاب /
_cصلاح منتصر
300 _a168 ص
490 _aكتاب اكتوبر
_v0
650 0 4 _aالادب
650 0 4 _aالمقالات العربية
942 _2ddc
_cBK
999 _c49265
_d49265